Derecho de género : (Registro nro. 29069)

Detalles MARC
000 -LEADER
fixed length control field 01106nam a2200253Ia 4500
003 - CONTROL NUMBER IDENTIFIER
control field CO-CtgCURN
005 - DATE AND TIME OF LATEST TRANSACTION
control field 20250408212631.0
008 - FIXED-LENGTH DATA ELEMENTS--GENERAL INFORMATION
fixed length control field 190723s2009 xx f 000 0 spa d
020 ## - INTERNATIONAL STANDARD BOOK NUMBER
International Standard Book Number 9789587071665
040 ## - CATALOGING SOURCE
Original cataloging agency CO-CtgCURN
Language of cataloging spa
Transcribing agency coctgcurn
082 ## - DEWEY DECIMAL CLASSIFICATION NUMBER
Classification number 346.013
Item number R763d
100 ## - MAIN ENTRY--PERSONAL NAME
Personal name Romero Silva, María
9 (RLIN) 2036
245 #0 - TITLE STATEMENT
Title Derecho de género :
Remainder of title Ley 1257 de 2008 (discriminación contra la mujer) : legislación, jurisprudencia, doctrina e instrumentos internacionales /
Statement of responsibility, etc. María Romero Silva
260 ## - PUBLICATION, DISTRIBUTION, ETC.
Place of publication, distribution, etc. Bogotá, Colombia :
Name of publisher, distributor, etc. Librería,
Date of publication, distribution, etc. 2009
300 ## - PHYSICAL DESCRIPTION
Extent 169 páginas ;
Dimensions 23 centímetros
504 ## - BIBLIOGRAPHY, ETC. NOTE
Bibliography, etc. note Incluye referencias bibliográficas (p. 167-169)
505 ## - FORMATTED CONTENTS NOTE
Formatted contents note Breves antecedentes -- Generalidades -- Rango constitucional -- Rango legal -- Instrumentos internacionales.
521 ## - TARGET AUDIENCE NOTE
Target audience note AREA PROFESIONAL
590 ## - LOCAL NOTE (RLIN)
Local note Programa de Derecho_18
650 ## - SUBJECT ADDED ENTRY--TOPICAL TERM
Topical term or geographic name entry element Derechos de la mujer
Geographic subdivision Colombia
9 (RLIN) 2037
942 ## - ADDED ENTRY ELEMENTS (KOHA)
Koha item type Libros
Classification part 346.013
Item part R763d
Source of classification or shelving scheme Dewey Decimal Classification
Suppress in OPAC No
Existencias
Withdrawn status Lost status Damaged status Not for loan Collection Home library Current library Shelving location Date acquired Inventory number Total checkouts Full call number Barcode Date last seen Copy number Price effective from Koha item type
          Miguel Henríquez Castañeda Barranquilla Miguel Henríquez Castañeda Barranquilla General 05/23/2018 03235   346.013 R763d 03235 07/23/2019 ej.1 07/23/2019 Libros
          Miguel Henríquez Castañeda Barranquilla Miguel Henríquez Castañeda Barranquilla General 05/23/2018 03236   346.013 R763d 03236 07/23/2019 ej.2 07/23/2019 Libros